Statistiques concernant Noël par lettre - Q

Cliquez ici pour prendre le quiz!

Statistiques générales

  • Ce quiz a été pris 171 fois
  • Le résultat moyen est 7 sur 10

Statistiques - réponses

IndiceRéponse% Correct
Nombre de dimanches dans l'AventQuatre
100%
Tarte salée festive associée à la Loraine
consommée pour Noël lorsqu'elle est dite "festive"
Quiche
95%
Celle des rennes est généralement très courte,
contrairement à celle du Marsupilami
Queue
94%
Région francophone où les rennes sont
appelés caribous
Québec
92%
Etat du Golfe faisant partie des rares pays
où Noël n'est pas un jour férié officiel
Qatar
80%
Sport magique auquel Harry Potter put jouer avec
l'Eclair de Feu, balai volant offert par son parrain
Sirius Black lors de son troisième Noël à Poudlard
Quidditch
73%
Groupe de quatre musiciens ou chanteurs,
pouvant notamment interpréter des chants de Noël
Quatuor
68%
Chanson parodiant Etoile des neiges chantée par
Jean-Claude Dusse coincé seul sur son télésiège
dans Les Bronzés font du ski
Quand te reverrai-je ?
49%
Etat australien faisant partie des premiers endroits
dans le monde à fêter Noël
Queensland
41%
Langue amérindienne dans laquelle Noël
se dit Nawirá
Quechua
39%

Distribution des résultats

Percentile par nombre de réponses

% des personnes avec chaque résultat

Votre développement - résultats

Vous n’avez pas pris ce quiz